000 00536nam a22001697a 4500
005 20240529142047.0
008 240529b |||||||| |||| 00| 0 eng d
020 _a9781484226520
082 _a005.3
_bSUB-P
100 _aSubramanian, Vasan
245 _aPro MERN Stack :
_bFull stack web app development with mongo, express, react, and node /
_cVasan Subramanian
260 _aUSA:
_bApress;
_c2017.
300 _a327 p. :
_bill;
_c24 cm.
500 _ainclude index.
650 _aComputer science/ Web Operating System
999 _c35816
_d35816